Statistics for Χώρες του ΝΑΤΟ

Click here to take the quiz!

General Stats

  • This quiz has been taken 265 times
    (67 since last reset)
  • The average score is 23 of 31

Answer Stats

ΔιάρκειαΧώρα% Correct
1952 - 1974*, 1980 -Ελλάδα
98%
1982 -Ισπανία
96%
1955/1990 -Δυτική Γερμανία/Γερμανία
96%
1949 -Ιταλία
96%
1949 - 1966*, 2009 -Γαλλία
94%
1949 -Πορτογαλία
88%
1952 -Τουρκία
83%
2004 -Βουλγαρία
81%
1949 -Βέλγιο
79%
1949 -ΗΠΑ
79%
1999 -Πολωνία
77%
1949 -Νορβηγία
75%
2009 -Αλβανία
75%
1999 -Ουγγαρία
75%
1949 -Ολλανδία
75%
1949 -Ηνωμένο Βασίλειο
73%
1999 -Τσεχία
73%
2004 -Σλοβενία
73%
2009 -Κροατία
71%
1949 -Καναδάς
71%
2004 -Ρουμανία
69%
2004 -Σλοβακία
69%
2023 -Φινλανδία
69%
1949 -Δανία
67%
2004 -Εσθονία
60%
2004 -Λιθουανία
58%
2004 -Λετονία
58%
1949 -Λουξεμβούργο
58%
2020 -Βόρεια Μακεδονία
58%
1949 - 2006*Ισλανδία
50%
2017 -Μαυροβούνιο
48%

Score Distribution

Percentile by Number Answered

Percent of People with Each Score

Your Score History

You have not taken this quiz since the last reset